书目信息 |
| 题名: |
中国当代文化建设与文学批评
|
|
| 作者: | 王卫平 著 | |
| 分册: | ||
| 出版信息: | 北京 中国社会科学出版社 2014.9 |
|
| 页数: | 276页 | |
| 开本: | 24cm | |
| 丛书名: | ||
| 单 册: | ||
| 中图分类: | G12 | |
| 科图分类: | ||
| 主题词: | 文化事业--wen hua shi ye--研究--中国 | |
| 电子资源: | ||
| ISBN: | 978-7-5161-4506-7 | |
| 000 | 00934nam0 22002411 450 | |
| 001 | 0124140218 | |
| 005 | 20170324140218.0 | |
| 010 | @a978-7-5161-4506-7@dCNY56.00 | |
| 100 | @a20141031d2014 em y0chiy50 ea | |
| 101 | 0 | @achi |
| 102 | @aCN@b110000 | |
| 105 | @ay z 000yy | |
| 106 | @ar | |
| 200 | 1 | @a中国当代文化建设与文学批评@9zhong guo dang dai wen hua jian she yu wen xue pi ping@f王卫平著 |
| 210 | @a北京@c中国社会科学出版社@d2014.9 | |
| 215 | @a276页@d24cm | |
| 306 | @a本书由辽宁师范大学文学院“中国现当代文学”省级重点学科资助出版 | |
| 330 | @a本书以较宽广的视野,立足于当代文化建设和文学批评的繁荣,并将二者有机结合。书中涉及文化创新、人文文化、区域文化、城市文化,以及当代文学创作与批评的观察与思考、戏剧与影视艺术的探寻等诸多领域。 | |
| 606 | 0 | @a文化事业@9wen hua shi ye@x研究@y中国 |
| 690 | @aG12@v5 | |
| 701 | 0 | @a王卫平@9wang wei ping@4著 |
| 801 | 0 | @aCN@bTANGWEI@c20170308 |
| 905 | @b0962255-8@dG12@e197@f4 | |
| 中国当代文化建设与文学批评/王卫平著.-北京:中国社会科学出版社,2014.9 |
| 276页;24cm |
| ISBN 978-7-5161-4506-7:CNY56.00 |
| 本书以较宽广的视野,立足于当代文化建设和文学批评的繁荣,并将二者有机结合。书中涉及文化创新、人文文化、区域文化、城市文化,以及当代文学创作与批评的观察与思考、戏剧与影视艺术的探寻等诸多领域。 |
| ● |
| 相关链接 |
|
|
|
|
正题名:中国当代文化建设与文学批评
索取号:G12/197
 
预约/预借
| 序号 | 登录号 | 条形码 | 馆藏地/架位号 | 状态 | 备注 |
| 1 | 0962255 | 209622559 | 第一样本阅览室/ [索取号:G12/197] | 在馆 | |
| 2 | 0962256 | 209622568 | 第四借阅区/ [索取号:G12/197] | 在馆 | |
| 3 | 0962257 | 209622577 | 第四借阅区/ [索取号:G12/197] | 在馆 | |
| 4 | 0962258 | 209622586 | 第四借阅区/ [索取号:G12/197] | 在馆 |